Políticas públicas y su impacto en proyectos universitarios : la educación abierta y a distancia; seguimiento de egresados en la UNAM : un estudio de caso, la carrera de pedagogía /
Saved in:
| Main Authors: | , |
|---|---|
| Format: | Electronisk eBog |
| Sprog: | spansk |
| Udgivet: |
Ciudad de México : Coyoacán, Ciudad de México :
Bonilla Artigas Editores ; Universidad Nacional Autónoma de México, Facultad de Filosofía y Letras,
[2016]
|
| Serier: | Pública educación ;
5. |
| Fag: | |
| Online adgang: | Digitalia Hispánica |
| Tags: |
Tilføj Tag
Ingen Tags, Vær først til at tagge denne postø!
|
MARC
| LEADER | 00000nam a2200000 i 4500 | ||
|---|---|---|---|
| 001 | DIGBONART0127 | ||
| 003 | NyNyDIG | ||
| 008 | 200815s2016 mx a ob 000 0 spa d | ||
| 006 | m o d | ||
| 007 | cr ||||||||||| | ||
| 035 | |a (OCoLC)1258693327 | ||
| 040 | |a DGITA |b eng |e rda |e pn |c DGITA | ||
| 020 | |z 9786078450558 |q Bonilla Artigas Editores | ||
| 020 | |z 9786070282225 |q UNAM | ||
| 050 | 1 | 4 | |a LB2331.46.M6 ebook |
| 100 | 1 | |a Cabello Bonilla, Víctor Francisco, |e author. | |
| 245 | 1 | 0 | |a Políticas públicas y su impacto en proyectos universitarios : |b la educación abierta y a distancia; seguimiento de egresados en la UNAM : un estudio de caso, la carrera de pedagogía / |c Víctor Francisco Cabello Bonilla, Gilberto Silva Ruíz. |
| 264 | 1 | |a Ciudad de México : |b Bonilla Artigas Editores ; |a Coyoacán, Ciudad de México : |b Universidad Nacional Autónoma de México, Facultad de Filosofía y Letras, |c [2016] | |
| 300 | |a 1 online resource : |b illustrations. | ||
| 336 | |a text |b txt |2 rdacontent | ||
| 337 | |a computer |b c |2 rdamedia | ||
| 338 | |a online resource |b cr |2 rdacarrier | ||
| 347 | |a text file |2 rdaft | ||
| 347 | |b PDF | ||
| 347 | |b EPUB | ||
| 490 | 1 | |a Pública educación ; |v 5 | |
| 504 | |a Includes bibliographical references. | ||
| 505 | 0 | |a El estado del conocimiento de los estudios de seguimiento de egresados en sistemas abiertos -- El marco institucional de los sistemas abiertos y a distancia en la educación superior en México : dimensiones y niveles de análisis sobre este subsistema educativo -- Análisis de los resultados de la investigación sobre el seguimiento de egresados del sistema abierto de la carrera de pedagogía en la facultad de filosofía y letras. | |
| 588 | 0 | |a Online resource; title from PDF title page (Digitalia, viewed June 11, 2021) | |
| 650 | 0 | |a College teaching |z Mexico |v Case studies. | |
| 650 | 0 | |a Open plan schools |x Government policy |z Mexico. | |
| 650 | 0 | |a Distance education |x Government policy |z Mexico. | |
| 655 | 0 | |a Electronic books. | |
| 700 | 1 | |a Silva Ruiz, Gilberto, |e author. | |
| 791 | 2 | |a Digitalia (Firm), |e distributor. | |
| 793 | 0 | |g Digitalia eBook Collection: |a Bonilla Artigas Editores | |
| 776 | 0 | 8 | |i Print version: |a Cabello Bonilla, Víctor Francisco. |t Políticas públicas y su impacto en proyectos universitarios. |d Ciudad de México : Bonilla Artigas Editores ; Coyoacán, Ciudad de México : Universidad Nacional Autónoma de México, Facultad de Filosofía y Letras, 2016 |z 9786078450558 |w (OCoLC)1001294579 |
| 830 | 0 | |a Pública educación ; |v 5. | |
| 856 | 4 | 0 | |3 Digitalia Hispánica |u https://digitalia.unach.elogim.com/a/81427/ |
| 910 | |a Premium collection: 2021 | ||